000 00234nam a2200097Ia 4500
001 712203
005 20250826162823.0
008 250824s9999 xx 000 0 und d
245 0 _aTAŞRALI
_cNURETTİN TOPÇU
260 _bDERGAH YAYINLARI
999 _c712203
_d712203